| 000 | 00742nam a22001697a 4500 | ||
|---|---|---|---|
| 003 | MACL | ||
| 005 | 20160603122220.0 | ||
| 008 | 160603b xxu||||| |||| 00| 0 eng d | ||
| 040 | _cMACL | ||
| 041 | _aHindi | ||
| 082 | _a920 | ||
| 100 |
_aमहामहोपाध्याय, रायबहादुर गौरीशंकर हीराचन्द ओझा _961967 |
||
| 245 |
_aमहाराणा प्रताप _cमहामहोपाध्याय रायबहादुर गौरीशंकर हीराचन्द्र ओझा |
||
| 260 |
_aजोधपुर _bराजस्थानी ग्रन्थागार _c1928 |
||
| 650 |
_aBiography _961968 |
||
| 942 |
_2ddc _cHIN |
||
| 999 |
_c54206 _d54206 |
||